000 00661cam a2200193 i 4500
005 20260217104420.0
008 250721s1996 ua gr 000 0 ara d
082 1 4 _a411.4
_bع ف ي
100 1 _aعفيفي، فوزي سالم
_eمؤلف.
245 1 0 _aجامع الخط العربي /
_cفوزي سالم عفيفي.
250 _aالطبعة الأولى.
264 3 1 _aالقاهره :
_aدمشق :
_bدار الكتاب العربي،
_c1996.
300 _aالجزء الأول.
650 1 7 _aالخط العربي.
650 1 7 _aاللغة العربية.
650 1 7 _aالكتابة.
942 _2ddc
_cBK
999 _c101050
_d101050